Statistiques concernant Les 5 Capitales les plus proches de Reykjavik, Oslo, Stockholm, Copenhague et Helsinki

Cliquez ici pour prendre le quiz!

Statistiques générales

  • Ce quiz a été pris 133 fois
  • Le résultat moyen est 12 sur 13

Statistiques - réponses

Réponse% Correct
Stockholm
98%
Amsterdam
97%
Oslo
97%
Berlin
96%
Helsinki
96%
Londres
95%
Copenhague
94%
Dublin
93%
Riga
93%
Vilnius
91%
Minsk
84%
Tallinn
81%
Prague
68%

Distribution des résultats

Percentile par nombre de réponses

% des personnes avec chaque résultat

Votre développement - résultats

Vous n’avez pas pris ce quiz